Localiza las capitales asiáticas en un mapa - Estadísticas

Estadísticas generales
  • Esta prueba ha sido intentada 3.074 veces
  • La puntuación promedio es 14 de 48
Respuestas en el mapa
Las respuestas están codificadas por una escala verde-roja en el mapa de la prueba según el % correcto abajo.
 
Estadísticas de respuestas
Respuesta % Correcto
Jerusalén
44%
Seúl
44%
Tokio
44%
Pionyang
42%
Abu Dabi
40%
Doha
40%
Kuwait
40%
Nicosia
39%
Sri Jayawardenapura
Kotte
38%
Taipei
38%
Beirut
37%
Ankara
36%
Damasco
36%
Tiflis
36%
Bangkok
35%
Katmandú
35%
Singapur
35%
Bakú
34%
Bagdad
33%
Manila
33%
Ereván
32%
Daca
31%
Riad
31%
Kuala Lumpur
30%
Kabul
29%
Amán
28%
Nom Pen
28%
Malé
26%
Nueva Delhi
26%
Teherán
26%
Ulán Bator
26%
Vientián
26%
Timbu
25%
Hanói
24%
Mascate
24%
Naipyidó
24%
Bandar Seri
Begawan
23%
Yakarta
23%
Dili
22%
Manama
22%
Saná
22%
Biskek
20%
Pekín
20%
Islamabad
19%
Dusambé
18%
Asjabad
17%
Taskent
16%
Astaná
12%
No se encontraron pruebas coincidentes
Distribución de puntuación
Porcentaje de gente con cada puntuación
Porcentaje por número respondido
Historial de tus puntuaciones
No has intentado esta prueba.